|
|
|
|
| LEADER |
01327nam a2200325 a 4500 |
| 001 |
11951445 |
| 008 |
111213s2000 enk b 001 0 eng |
| 010 |
|
|
|a 00037345
|
| 020 |
|
|
|a 0192632507 (hbk : acid free paper)
|
| 020 |
|
|
|a 0192632469 (pbk : acid free paper)
|
| 040 |
|
|
|a DLC
|c DLC
|d DLC
|d BD-DhAAL
|
| 042 |
|
|
|a pcc
|
| 043 |
|
|
|a d------
|
| 050 |
0 |
0 |
|a HV5770.D44
|b T63 2000
|
| 082 |
0 |
0 |
|a 362.29/66/091724
|2 21
|
| 245 |
0 |
0 |
|a Tobacco control in developing countries /
|c editors, Prabhat Jha and Frank J. Chaloupka.
|
| 260 |
|
|
|a Oxford ;
|a New York :
|b Oxford University Press,
|c 2000.
|
| 300 |
|
|
|a xiv, 489 p. :
|b ill. ;
|c 24 cm.
|
| 490 |
0 |
|
|a Oxford medical publications
|
| 504 |
|
|
|a Includes bibliographical references and index.
|
| 541 |
|
|
|e 00024017
|
| 650 |
|
0 |
|a Tobacco use
|x Government policy
|z Developing countries.
|
| 650 |
|
0 |
|a Tobacco use
|x Economic aspects
|z Developing countries.
|
| 650 |
|
0 |
|a Smoking
|z Developing countries
|x Prevention.
|
| 650 |
|
0 |
|a Tobacco industry
|z Developing countries.
|
| 700 |
1 |
|
|a Jha, Prabhat,
|d 1965-
|
| 700 |
1 |
|
|a Chaloupka, Frank J.
|
| 852 |
1 |
|
|a James P Grant School of Public Health
|c General Shelf.
|
| 999 |
|
|
|c 11577
|d 11577
|
| 952 |
|
|
|0 0
|1 0
|2 ddc
|4 0
|6 362_296609172400000_TOB
|7 0
|9 18836
|a JPGSPH
|b JPGSPH
|d 2011-12-13
|l 0
|o 362.2966091724 TOB
|p 3060024017
|r 2011-12-13
|t 1
|w 2011-12-13
|y BK
|